000 00450nam a2200193Ia 4500
005 20250423095227.0
008 250422s9999 xx 000 0 und d
020 _a978-0-07-026062-7 / 0-07-026062-1
050 _aTJ 260 .N34/
100 _aNag, P. K.
245 0 _aEngineering thermodynamics
250 _a4th ed.
260 _aNew Delhi
260 _bTata McGraw-Hill
260 _c2008
300 _a804 p
650 _aEE
942 _cBK
999 _c29630
_d29630